00696nam a2200229Ia 450000100060000000300090000600800410001504000130005604000130006904100130008210000180009510000290011324500670014224500500020925000110025926000110027026000280028126000490030930000550035865000220041365000310043563821IT-RoPAU130308s9999 xx 000 0 und d aIT-RoPAU cIT-RoPAU aITALIANO aMorlion Felix gCodice Aut. SPICS: 3545 aBasi filosofiche del neorealismo cinematografico italiano (Le) bSul Neorealismo-Testi e Documenti (1939-1955) a1a ed. aPESARO bMostra Del Nuovo Cinema c1974 [1° Ed.:1974 - Ed.Ling.Originale:1948] a"7 p. (prefazione: no ; testo: 7 [pagine: 49-55])" aSTORIA DEL CINEMA eCodice materia Spics: 6808